Sports Quiz

Random Sports or Baseball Quiz

MLB ASG Starting Pitchers Quiz Stats

Quiz Updated Jul 15, 2016

Challenge
Share
Tweet
Embed
Score 0/13 Timer 03:00
1 Play Today
All-Star Game starts Pitcher % Correct
4Randy Johnson
85.9%
3Roger Clemens
85.2%
3Greg Maddux
65.3%
3Whitey Ford
51.2%
5Don Drysdale
43.2%
4Jim Palmer
34.2%
3Warren Spahn
33.3%
3Jack Morris
22.3%
3Vida Blue
20.3%
5Robin Roberts
12.8%
5Lefty Gomez
12.7%
3Jim Bunning
6.4%
3Billy Pierce
2.2%

You're not logged in!

Compare scores with friends on all Sporcle quizzes.
Join for Free
OR
Log In

You Might Also Like...

Show Comments

Extras

Top Quizzes Today


Score Distribution

Your Account Isn't Verified!

In order to create a playlist on Sporcle, you need to verify the email address you used during registration. Go to your Sporcle Settings to finish the process.

Report this User

Report this user for behavior that violates our Community Guidelines.

Details: